Cinematisme peinture et cinema (Record no. 71125)
[ view plain ]
| 000 -LEADER | |
|---|---|
| fixed length control field | 01239nam a2200301Ia 4500 |
| 001 - CONTROL NUMBER | |
| control field | 2595 |
| 003 - CONTROL NUMBER IDENTIFIER | |
| control field | IT-RoPAU |
| 008 - FIXED-LENGTH DATA ELEMENTS--GENERAL INFORMATION | |
| fixed length control field | 130308s9999 xx 000 0 und d |
| 040 ## - CATALOGING SOURCE | |
| Original cataloging agency | IT-RoPAU |
| 040 ## - CATALOGING SOURCE | |
| Transcribing agency | IT-RoPAU |
| 041 ## - LANGUAGE CODE | |
| Language code of text/sound track or separate title | FRANCESE |
| 999 ## - SYSTEM CONTROL NUMBERS (KOHA) | |
| Koha Dewey Subclass [OBSOLETE] | SI |
| 100 ## - MAIN ENTRY--PERSONAL NAME | |
| Personal name | Ejzenstejn Sergej Michailovic |
| 100 ## - MAIN ENTRY--PERSONAL NAME | |
| Miscellaneous information | Codice Aut. SPICS: 6988 |
| 245 ## - TITLE STATEMENT | |
| Title | Cinematisme peinture et cinema |
| 245 ## - TITLE STATEMENT | |
| Remainder of title | Cinematisme peinture et Cinema |
| 250 ## - EDITION STATEMENT | |
| Edition statement | 1a ed. |
| 260 ## - PUBLICATION, DISTRIBUTION, ETC. (IMPRINT) | |
| Place of publication, distribution, etc. | BRUXELLES |
| 260 ## - PUBLICATION, DISTRIBUTION, ETC. (IMPRINT) | |
| Name of publisher, distributor, etc. | Complexe |
| 260 ## - PUBLICATION, DISTRIBUTION, ETC. (IMPRINT) | |
| Date of publication, distribution, etc. | 1980 [1° Ed.:1980 - Ed.Ling.Originale:] |
| 300 ## - PHYSICAL DESCRIPTION | |
| Extent | "306 p. (prefazione: no ; testo: 306)" |
| 500 ## - GENERAL NOTE | |
| General note | * Greco Y El cine (El)* Prometheus* Quelques Mots Sur la Composition plastique Et Audiovisuel* a L'Enchanteur Du Verger Aux Poires* Dedoublement De L'Unique (Le)* Pair Impair (Pari e Dispari)* Ermolova* Rodin Et Rilkecinematismo Pittura e Cinema El Greco e Il Cinema Affreschi D'Orozco di Diego Rivera e di Siqueiros Composizione plastica e Audiovisiva Eugene Delacroix Mei Lan Fang maestro di Teatro Cinese Yim e Yang e la Pittura dell'Estremo Oriente Problema Dello Spazio |
| 650 ## - SUBJECT ADDED ENTRY--TOPICAL TERM | |
| Topical term or geographic name as entry element | TEORICHE CINEMATOGRAFICHE |
| 650 ## - SUBJECT ADDED ENTRY--TOPICAL TERM | |
| Relator term | Codice materia Spics: 6805 |
| 942 ## - ADDED ENTRY ELEMENTS (KOHA) | |
| Koha item type | LIBRO |
| 957 ## - | |
| -- | 1 |
| 999 ## - SYSTEM CONTROL NUMBERS (KOHA) | |
| -- | 1 |
| Withdrawn status | Lost status | Damaged status | Not for loan | Home library | Current library | Date acquired | Total Checkouts | Full call number | Date last seen | Price effective from | Koha item type | Public note |
|---|---|---|---|---|---|---|---|---|---|---|---|---|
| Buone Condizioni | Not For Loan | SPICS-MEDIATECA | SPICS-MEDIATECA | 08/03/2013 | 2595 | 08/03/2013 | 08/03/2013 | LIBRO | Progressivo inserimento: 33526 / N. Volumi: 1 Copie: 1 Copia Rara: SI / data import: 1 marzo 2013 - By Epidotti, Trombetti, Vaglietti. |